Sports Quiz

Random Sports or Football Quiz
Score 0/26 Timer 10:00
0 Plays Today
Nationality Player Name % Correct
DanemarkKasper Dolberg
97.2%
ItalieMario Balotelli
95.8%
DanemarkRiza Durmisi
88.9%
GrèceAnastasios Donis
84.7%
PortugalRicardo Pereira
81.9%
Pays-BasWesley Sneijder
81.9%
SerbieNemanja Pejcinovic
80.6%
LituanieEdgaras Jankauskas
79.6%
AutricheRoland Linz
77.8%
BelgiqueChristian Brüls
70.8%
SuèdeNiklas Hult
69.4%
BelgiqueRoberto Bisconti
65.3%
Pays-Bas/ItalieLuigi Bruins
65.3%
Nationality Player Name % Correct
ItalieMarco Simone
62.5%
BelgiqueJulien Vercauteren
55.6%
SerbieDanijel Ljuboja
54.2%
PortugalEsmael Goncalves
47.2%
PortugalPedro Brazao
44.4%
EspagneJosé Antonio De la Sagra
40.3%
BelgiquePhilippe Léonard
34.7%
ItalieFabio Cinetti
33.3%
Espagne Juan Carlos Carcedo
18.1%
ItalieAttilio Nicodemo
13.9%
ItalieAndrea Ghidini
11.1%
Italie Matteo Verdi
11.1%
ItalieGiancarlo Filippini
8.3%
Remove Ads.
Support Sporcle.
Get the best of Sporcle when you Go Orange. This ad-free experience offers more features, more stats, and more fun while also helping to support Sporcle. Thank you for becoming a member.

You're not logged in!

Compare scores with friends on all Sporcle quizzes.
OR
Log In

Sporcle TV

Today on Sporcle TV


Watch our educational content, quiz creation guides, and fun videos on Sporcle TV.

Show Comments

Extras

Top Quizzes Today


Score Distribution

Paid Content

Your Account Isn't Verified!

In order to create a playlist on Sporcle, you need to verify the email address you used during registration. Go to your Sporcle Settings to finish the process.

Report this User

Report this user for behavior that violates our Community Guidelines.

Details: